| 000 | 00951nam a2200241 i 4500 | ||
|---|---|---|---|
| 001 | 175320 | ||
| 003 | ES-MaACL | ||
| 005 | 20250806062551.0 | ||
| 007 | t| | ||
| 008 | 101021s1967 sp ||||1| spa d | ||
| 080 | _a946.027 M. "17" | ||
| 100 | 1 |
_aCepeda Adán, José. _937430 |
|
| 245 | 1 | 0 |
_aSociedad, vida y política en la época de Carlos III / _cpor José Cepeda Adán. |
| 260 |
_aMadrid : _bAyuntamiento de Madrid, Delegación de Educación : _bInstituto de Estudios Madrileños, _c1967. |
||
| 300 |
_a40 p. ; _c22 cm. |
||
| 490 | 1 |
_aAula de cultura. Curso sobre historia de Madrid ; _v13 |
|
| 651 | 7 |
_aMadrid- _xHistoria- _zS.XVIII _2 _9143696 |
|
| 710 | 1 |
_aMadrid. _bAyuntamiento. _bDelegación de Educación. _9143647 |
|
| 710 | 2 |
_aInstituto de Estudios Madrileños _94916 |
|
| 830 | 0 |
_aAula de cultura. Curso sobre historia de Madrid ; _v13 _9189644 |
|
| 852 |
_aES-MaACL _j2260-F-12 _xOlim P-56 |
||
| 999 |
_c175320 _d175320 |
||